Ciudadanía : derechos humanos /
Guardado en:
| Autor Principal: | |
|---|---|
| Otros Autores: | , , , |
| Formato: | Libro |
| Publicado: |
Buenos Aires :
Aique,
2013
|
| Series: | C
|
| Materias: | |
| Etiquetas: |
Agregar Etiqueta
Sin Etiquetas, Sea el primero en etiquetar este registro!
|
| LEADER | 01212nam a22003015a 4500 | ||
|---|---|---|---|
| 001 | CEM.cems014395 | ||
| 005 | 20140514161842.0 | ||
| 008 | 130507s2013##################000#0#####d | ||
| 003 | CEMS | ||
| 020 | |a 9789870605881 | ||
| 082 | 0 | 4 | |a 323.4 |
| 100 | 1 | |a Schujman, Gustavo | |
| 245 | 1 | 0 | |a Ciudadanía : |b derechos humanos / |c Gustavo Schujman ... y Otros |
| 260 | |a Buenos Aires : |b Aique, |c 2013 | ||
| 300 | |a 160 p. | ||
| 490 | 0 | |a C | |
| 505 | 0 | |a La ciudadanía -- Derechos humanos para todos los seres humanos -- Los derechos políticos : el desafío de la inclusión -- Los derechos civiles -- Derechos económicos, sociales y culturales -- El problema de la discriminación -- Las violaciones a los derechos humanos en la Argentina -- Justicia y memoria en democracia -- Los derechos humanos y las nuevas constituciones de América Latina | |
| 653 | |a Derehcos humanos | ||
| 653 | |a Ciudadanía | ||
| 653 | |a Derecho | ||
| 653 | |a Derechos sociales | ||
| 653 | |a Derechos económicos | ||
| 653 | |a Derechos políticos | ||
| 700 | 1 | |a Carnovale, Vera | |
| 700 | 1 | |a Clerico, Laura | |
| 700 | 1 | |a Aldao, Martín | |
| 700 | 1 | |a Palumbo, Gabriel | |
| 859 | |a CEMS |b BIB. CEMS - 11 de abril |h 323.4 |i Sch79-1 |p 26966.14 |t Ej.1 | ||
